000
00318nam a22001457a 4500
999
_c
9208
_d
9208
003
OSt
008
201119b ||||| |||| 00| 0 eng d
100
_a
Shukla, M.C
245
_a
Advanced Accounts
250
_a
Rep
260
_a
New Delhi
_b
S.Chand
_c
2020
300
_a
Misc
650
_a
B.Com. Hons
942
_2
ddc
_c
BK